LEADER 01038nam0-2200325---450- 001 990009755660403321 005 20130910101753.0 035 $a000975566 035 $aFED01000975566 035 $a(Aleph)000975566FED01 035 $a000975566 100 $a20130729f1906----km-y0itay50------ba 101 0 $aita 102 $aIT 105 $acf--bcg-001yd 200 1 $aCatalogo illustrato$fMostra nazionale di belle arti 210 $aMilano$ca cura del Comitato esecutivo$d[1906?] 215 $a217 p., 96 p. di tav.$cill.$d17 cm 300 $aSul front.: Inaugurazione del nuovo valico del Sempione, Esposizione di Milano 1906 610 0 $aArte italiana$aEsposizioni$aMilano$a1906 676 $a709.45 676 $a707.4 710 12$aMostra nazionale di belle arti$f<1906 ;$eMilano>$0520619 801 0$aIT$bUNINA$gRICA$2UNIMARC 901 $aBK 912 $a990009755660403321 952 $a707.4 MOSTRE MILANO 1906$bDIP. DISC. ST. 3610$fFLFBC 959 $aFLFBC 996 $aCatalogo illustrato$9834239 997 $aUNINA LEADER 02757nam 2200685Ia 450 001 9910451196803321 005 20200520144314.0 010 $a1-4166-0583-5 010 $a1-280-92859-X 010 $a9786610928590 010 $a1-4166-0585-1 024 3 $z9781416605843 024 3 $z9781416604570 (pbk. : alk. paper) 035 $a(CKB)1000000000341610 035 $a(EBL)289655 035 $a(OCoLC)567966349 035 $a(SSID)ssj0000110569 035 $a(PQKBManifestationID)11132906 035 $a(PQKBTitleCode)TC0000110569 035 $a(PQKBWorkID)10064670 035 $a(PQKB)10910879 035 $a(MiAaPQ)EBC289655 035 $a(Au-PeEL)EBL289655 035 $a(CaPaEBR)ebr10152474 035 $a(CaONFJC)MIL92859 035 $a(EXLCZ)991000000000341610 100 $a20060724d2006 uy 0 101 0 $aeng 135 $aur|n|---||||| 181 $ctxt 182 $cc 183 $acr 200 14$aThe best schools$b[electronic resource] $ehow human development research should inform educational practice /$fThomas Armstrong ; foreword by David Elkind 210 $aAlexandria, Va. $cAssociation for Supervision and Curriculum Development$dc2006 215 $a1 online resource (195 p.) 300 $aDescription based upon print version of record. 311 $a1-4166-0584-3 311 $a1-4166-0457-X 320 $aIncludes bibliographical references (p. 160-175) and index. 327 $aCover; Title Page; Copyright; Dedication; Table of Contents; Foreword; Introduction; Chapter 1: Academic Achievement Discourse; Chapter 2: Human Development Discourse; Chapter 3: Early Childhood Education Programs: Play; Chapter 4: Elementary Schools: Learning How the World Works; Chapter 5: Middle Schools: Social, Emotional, and Metacognitive Growth; Chapter 6: High Schools: Preparing Students to Live Independently in the Real World; Conclusion; Appendix; References; Index; About the Author; Search this Book 330 $aArmstrong describes the best practices in education based on what we currently know about human development. 606 $aChild development$xResearch 606 $aLearning, Psychology of 606 $aDevelopmental psychology 606 $aSchool improvement programs 608 $aElectronic books. 615 0$aChild development$xResearch. 615 0$aLearning, Psychology of. 615 0$aDevelopmental psychology. 615 0$aSchool improvement programs. 676 $a370.15/23 700 $aArmstrong$b Thomas$0537864 701 $aElkind$b David$0154112 801 0$bMiAaPQ 801 1$bMiAaPQ 801 2$bMiAaPQ 906 $aBOOK 912 $a9910451196803321 996 $aThe best schools$92139956 997 $aUNINA LEADER 01493nam2 22002891i 450 001 UON00039507 005 20231205102139.416 100 $a20020107d1970 |0itac50 ba 101 $aheb 102 $aDE 105 $a|||| 1|||| 200 1 $aLiber Jeremiae$fpreparavit W. Rudolph 210 $aStuttgart$cWurttembergische Bibelanstalt$d1970 215 $aX, 116 p.$d22 cm 461 1$1001UON00038190$12001 $aBiblia Hebraica Stuttgartensia$fquae antea cooperantibus A. Alt ... [et al.]$geditio funditus renovata adjuvantibus H. Bardtke ... [et al.]$gcooperantibus H.P. Ruger et J. Ziegler ediderunt K. Elliger et W. Rudolph$gTextum Masoreticum curavit H.P. Ruger, Masoram elaboravit G.E. Weil$1210 $aStuttgart$cWurttembergischeBibelanstalt$d19-$1215 $a v.$d22 cm$v8 500 1$3UON00352402$aBibbia. Antico Testamento. Geremia$956451 606 $aANTICO TESTAMENTO$xSALMI$3UONC012876$2FI 620 $aDE$dWiesbaden$3UONL003153 686 $aSEB VI AA$cSTUDI EBRAICI - LETTERATURA - TESTI BIBLICI - TESTI$2A 702 1$aRUDOLPH$bWilhelm$3UONV024519 712 $aWurttembergische Bibelanstalt$3UONV252198$4650 801 $aIT$bSOL$c20240220$gRICA 899 $aSIBA - SISTEMA BIBLIOTECARIO DI ATENEO$2UONSI 912 $aUON00039507 950 $aSIBA - SISTEMA BIBLIOTECARIO DI ATENEO$dSI SEB VI AA 004 (8) $eSI SEM1203 5 004 (8) 996 $aBibbia. Antico Testamento. Geremia$956451 997 $aUNIOR